000 00710nam a2200205 i 4500
001 44041
003 ES-MaACL
005 20260210162431.0
007 t|
008 030320s1914 fr ||||1| fre d
100 1 _aCaziot, Pierre.
_937247
245 1 3 _aLa valeur de la terre en France
_b: descriptions des grandes regions agricoles et viticoles, prix en fermages des biens ruraux /
_cpar Pierre Caziot ; prefaze de M. Gaurvain.
260 _a[S.l. :
_bs.n.,
_c1914] (
_eCorbeil :
_fCretè)
300 _aVIII, 454 p. ;
_c19 cm.
490 1 _aEncyclopédie agricole
700 1 _aGaurvain, M.
_956024
830 0 _aEncyclopédie agricole
_9180885
852 _aES-MaACL
_jD-3657
999 _c44041
_d44041